000 01138nam a2200289 i 4500
001 102654
003 ES-MaACL
005 20230906183143.0
007 t|
008 051124s1976 pr ||||1| spa d
020 _a0-8477-0540-4
080 _a821.134.2(729.5) Tapia y Rivera, Alejandro 1.06
080 _a821.134.2(729.5) Zeno Gandía, Manuel
080 _a821.134.2(729.5) Laguerre, Enrique A.
100 1 _aBeauchamp, José Juan.
_926805
245 1 0 _aImagen del puertorriqueño en la novela
_b: (en Alejandro Tapia y Rivera, Manuel Zeno Gandía y Enrique A. Laguerre) /
_cJosé Juan Beauchamp.
250 _a1ª ed.
260 _a[Río Piedras] :
_bEditorial Universitaria, Universidad de Puerto Rico,
_c1976.
300 _aXXIV, 184 p. ;
_c21 cm.
490 1 _aMente y palabra
600 1 4 _aTapia y Rivera, Alejandro-
_xCrítica e interpretación.
_9109245
600 1 4 _aZeno Gandía, Enrique-
_xCrítica e interpretación.
_9118183
600 1 4 _aLaguerre, Enrique A.-
_xCrítica e interpretación.
_969613
830 0 _aMente y palabra
_9184654
852 _aES-MaACL
_jE-11124
_bR.136843
999 _c102654
_d102654